| 000 | 00488nam a2200193Ia 4500 | ||
|---|---|---|---|
| 005 | 20240823021416.0 | ||
| 008 | 240823s9999||||xx |||||||||||||| ||und|| | ||
| 020 | _a0-87664-758-1 | ||
| 041 | _aENGLISH | ||
| 082 | _A621.183 M6 | ||
| 100 | _a"Dukelow,Sam G" | ||
| 245 | 4 | _aThe Control of Boilers | |
| 250 | _a1st | ||
| 260 |
_c1986 _b"ISA - The Instrumentation,Systems,and Automation So" |
||
| 500 | _aTRANSFERED | ||
| 650 |
_aBoiler _bMechanical |
||
| 942 | _cBK | ||
| 999 |
_c176968 _d176968 |
||